000 00487cam a2200181ua 4500
003 OSt
008 240216b |||||||| |||| 00| 0 eng d
041 _aeng
082 _a635
_bPET/ME
100 _aPeter, K. V.
_9305
245 0 0 _aMedicinal plants /
260 _aNew Delhi :
_bNew India Publishing Agency ,
_c2007.
300 _a356 ;
_eCD.
490 0 _aHorticultural Science Series No. 2,
700 1 _aKurian, Alice .
_96052
700 1 _aSankar, Asha .
_96053
942 _cBK
999 _c13258
_d13258